[Event "Dueville op-B 1st"]
[Site "Dueville"]
[Date "2023.06.04"]
[Round "4"]
[White "Gennari, Andrea"]
[Black "Gaudiosi, Andrea"]
[Result "1/2-1/2"]
[WhiteElo "1762"]
[BlackElo "1604"]
[PlyCount "70"]
[EventDate "2023.06.01"]
[EventType "swiss"]
[EventRounds "5"]
[EventCountry "ITA"]
[SourceTitle "EXT 2024"]
[Source "ChessBase"]
[SourceDate "2023.10.10"]
[SourceVersion "1"]
[SourceVersionDate "2023.10.10"]
[SourceQuality "1"]

1. d4 d5 2. c4 c6 3. Nc3 e5 4. cxd5 cxd5 5. e4 dxe4 6. dxe5 Qxd1+ 7. Kxd1 Bg4+ 8. Be2 Bxe2+ 9. Ngxe2 Nc6 10. Bf4 0-0-0+ 11. Kc1 f5 12. a3 Bc5 13. Nb5 a6 14. Nd6+ Bxd6 15. exd6 Nf6 16. Rd1 Rd7 17. Nc3 Nh5 18. Be3 Ne5 19. Kc2 Nc4 20. Nd5 Rxd6 21. Ne7+ Kd7 22. Nxf5 Nxe3+ 23. fxe3 Rc8+ 24. Kb3 Rxd1 25. Rxd1+ Ke6 26. Nd4+ Ke5 27. Rd2 Nf6 28. Rc2 Rxc2 29. Nxc2 h5 30. Kc4 h4 31. h3 g5 32. Kc5 Nd7+ 33. Kb4 Nb6 34. b3 Kd6 35. Kc3 Ke5 1/2-1/2

[Event "Chioggia op-B 14th"]
[Site "Chioggia"]
[Date "2019.10.04"]
[Round "1"]
[White "Fornaro, Massimo"]
[Black "Gaudiosi, Andrea"]
[Result "0-1"]
[WhiteElo "1239"]
[BlackElo "1669"]
[PlyCount "52"]
[EventDate "2019.10.04"]
[EventType "swiss"]
[EventRounds "5"]
[EventCountry "ITA"]
[SourceTitle "EXT 2022"]
[Source "ChessBase"]
[SourceDate "2021.10.06"]
[SourceVersion "1"]
[SourceVersionDate "2021.10.06"]
[SourceQuality "1"]

1. e4 c5 2. d3 Nc6 3. Nf3 g6 4. c3 Bg7 5. Nbd2 d6 6. Nc4 d5 7. exd5 Qxd5 8. Be2 Nf6 9. Ne3 Qd8 10. h3 0-0 11. 0-0 e5 12. Qc2 Nh5 13. Ne1 Nf4 14. Ng4 h5 15. Bxf4 exf4 16. Nh2 Bf5 17. Rd1 Ne5 18. Qc1 Bh6 19. d4 f3 20. dxe5 fxe2 21. Rxd8 Bxc1 22. Rxf8+ Rxf8 23. g4 exf1Q+ 24. Nxf1 Bb1 25. a4 Bxb2 26. f4 Bxc3 0-1

[Event "Verona-chT Serie A2/3 51st"]
[Site "Verona"]
[Date "2019.03.16"]
[Round "2.3"]
[White "Gioga, Michele"]
[Black "Gaudiosi, Andrea"]
[Result "1-0"]
[WhiteElo "1802"]
[BlackElo "1650"]
[PlyCount "59"]
[EventDate "2019.03.15"]
[EventType "team-tourn"]
[EventRounds "5"]
[EventCountry "ITA"]
[SourceTitle "EXT 2022"]
[Source "ChessBase"]
[SourceDate "2021.10.06"]
[SourceVersion "1"]
[SourceVersionDate "2021.10.06"]
[SourceQuality "1"]
[WhiteTeam "Verona Battinelli"]
[BlackTeam "Montebelluna A2"]
[WhiteTeamCountry "ITA"]
[BlackTeamCountry "ITA"]

1. e4 c6 2. d4 d5 3. exd5 cxd5 4. Bd3 Nf6 5. c3 Nc6 6. Bf4 e6 7. Nf3 Bd6 8. Bxd6 Qxd6 9. 0-0 0-0 10. Re1 Ne8 11. Nbd2 f5 12. Ne5 Nxe5 13. dxe5 Qd7 14. Qe2 a6 15. c4 Nc7 16. Rac1 b6 17. Nf3 Bb7 18. Qe3 b5 19. cxb5 Nxb5 20. Qb6 Rfb8 21. Bxb5 axb5 22. Rc7 Bc6 23. Qxc6 Qxc6 24. Rxc6 Rxa2 25. Rxe6 Rxb2 26. Rd6 Re8 27. e6 g5 28. Nxg5 b4 29. g3 b3 30. e7 1-0

[Event "Venice Autumn op 25th"]
[Site "Venice S Leonardo"]
[Date "2018.11.01"]
[Round "1.10"]
[White "Zanirato, Stefano"]
[Black "Gaudiosi, Andrea"]
[Result "1-0"]
[WhiteElo "1859"]
[BlackElo "1706"]
[PlyCount "49"]
[EventDate "2018.11.01"]
[EventType "swiss"]
[EventRounds "5"]
[EventCountry "ITA"]
[SourceTitle "EXT 2023"]
[Source "ChessBase"]
[SourceDate "2022.10.05"]
[SourceVersion "1"]
[SourceVersionDate "2022.10.05"]
[SourceQuality "1"]

1. e4 c6 2. d4 d5 3. e5 c5 4. dxc5 Nc6 5. Nc3 e6 6. Nf3 Bxc5 7. a3 Nge7 8. Bd3 a6 9. 0-0 Qc7 10. Bf4 b5 11. Bg3 Bb7 12. Ne2 Nc8 13. c3 Nb6 14. Ned4 Nd7 15. Re1 Bf8 16. Nxc6 Bxc6 17. Nd4 g6 18. a4 bxa4 19. Nxc6 Qxc6 20. c4 dxc4 21. Be4 Qc8 22. Bxa8 Qxa8 23. Qxa4 Qc8 24. Red1 Bc5 25. Rac1 1-0

[Event "Salzano op-B"]
[Site "Salzano"]
[Date "2017.12.02"]
[Round "3"]
[White "Viviani, Bruno"]
[Black "Gaudiosi, Andrea"]
[Result "0-1"]
[WhiteElo "1630"]
[BlackElo "1601"]
[PlyCount "94"]
[EventDate "2017.12.01"]
[EventType "swiss"]
[EventRounds "5"]
[EventCountry "ITA"]
[SourceTitle "EXT 2022"]
[Source "ChessBase"]
[SourceDate "2021.10.06"]
[SourceVersion "1"]
[SourceVersionDate "2021.10.06"]
[SourceQuality "1"]

1. d4 d5 2. Nc3 Nf6 3. Bg5 Bf5 4. f3 Nbd7 5. Nxd5 Nxd5 6. e4 h6 7. Bh4 Ne3 8. Qd3 Nxf1 9. exf5 Nxh2 10. Rxh2 c6 11. Ne2 Qc7 12. Bg3 Qb6 13. 0-0-0 a5 14. Bf2 Nf6 15. g4 Nd5 16. a3 Qa6 17. Nc3 Nc7 18. Ne4 e6 19. Qe3 0-0-0 20. f6 Nd5 21. fxg7 Bxg7 22. Qd2 e5 23. Nc5 Qa8 24. Qd3 Ne7 25. Bh4 Rxd4 26. Qb3 Rxd1+ 27. Kxd1 Nd5 28. Rd2 Qa7 29. Bf2 b6 30. Na4 Qa6 31. c4 b5 32. cxd5 bxa4 33. Qxa4 cxd5 34. Qc2+ Kb8 35. Qb3+ Qb7 36. Qxd5 Rc8 37. Qxb7+ Kxb7 38. Rd7+ Rc7 39. Rxc7+ Kxc7 40. Kc2 Kc6 41. Be1 Kb5 42. Bc3 f6 43. Kd3 a4 44. f4 exf4 45. Ke4 f5+ 46. Kxf4 Bxc3 47. bxc3 fxg4 0-1

[Event "Treviso op-C 1st"]
[Site "Treviso"]
[Date "2017.03.17"]
[Round "1.10"]
[White "Feltrin, Francesco"]
[Black "Gaudiosi, Andrea"]
[Result "1-0"]
[WhiteElo "1663"]
[BlackElo "1530"]
[PlyCount "69"]
[EventDate "2017.03.17"]
[EventType "swiss"]
[EventRounds "5"]
[EventCountry "ITA"]
[SourceTitle "EXT 2024"]
[Source "ChessBase"]
[SourceDate "2023.10.10"]
[SourceVersion "1"]
[SourceVersionDate "2023.10.10"]
[SourceQuality "1"]

1. e4 c6 2. Nc3 d5 3. Nf3 Bg4 4. h3 Bh5 5. d4 e6 6. Be2 Nf6 7. e5 Nfd7 8. 0-0 c5 9. Bg5 f6 10. exf6 gxf6 11. Bh4 Rg8 12. Re1 Qc7 13. Bg3 Rxg3 14. fxg3 Qxg3 15. Nh2 Qe3+ 16. Kh1 Bf7 17. Bh5 Qh6 18. Rxe6+ Be7 19. Bxf7+ Kxf7 20. Qe2 Nc6 21. Nxd5 Nde5 22. Rxe7+ Nxe7 23. Nxe7 cxd4 24. Nf5 Qg6 25. Nxd4 Rc8 26. c3 Rg8 27. Re1 Kg7 28. Ng4 Kh8 29. Nxe5 fxe5 30. Qxe5+ Rg7 31. Qe8+ Rg8 32. Qxg6 Rxg6 33. Re8+ Kg7 34. Re7+ Kh6 35. Rxb7 1-0

[Event "Chioggia op-B 11th"]
[Site "Chioggia"]
[Date "2016.10.07"]
[Round "1"]
[White "Dalla Palma, Giovanni"]
[Black "Gaudiosi, Andrea"]
[Result "1-0"]
[WhiteElo "1782"]
[BlackElo "1503"]
[PlyCount "51"]
[EventDate "2016.10.07"]
[EventType "swiss"]
[EventRounds "5"]
[EventCountry "ITA"]
[SourceTitle "EXT 2022"]
[Source "ChessBase"]
[SourceDate "2021.10.06"]
[SourceVersion "1"]
[SourceVersionDate "2021.10.06"]
[SourceQuality "1"]

1. e4 e6 2. d4 d5 3. exd5 exd5 4. Bd3 Nf6 5. Bg5 Be7 6. Nf3 0-0 7. 0-0 Re8 8. Nbd2 b6 9. Ne5 g6 10. Qf3 Bb7 11. Rae1 Nc6 12. Nxc6 Bxc6 13. Rxe7 Qxe7 14. Bxf6 Qb4 15. Qf4 Re6 16. Nf3 Rae8 17. Be5 f6 18. Bxc7 Qe7 19. Qg3 Qg7 20. Bf4 g5 21. Bd2 Rf8 22. Bf5 Re2 23. Be3 Be8 24. Bd3 f5 25. Bxe2 f4 26. Qxg5 1-0

[Event "Mestre Cipressina op-B 4th"]
[Site "Mestre"]
[Date "2015.11.27"]
[Round "1"]
[White "Menini, Luca"]
[Black "Gaudiosi, Andrea"]
[Result "1/2-1/2"]
[WhiteElo "1668"]
[BlackElo "1410"]
[PlyCount "39"]
[EventDate "2015.11.27"]
[EventType "swiss"]
[EventRounds "5"]
[EventCountry "ITA"]
[SourceTitle "EXT 2022"]
[Source "ChessBase"]
[SourceDate "2021.10.06"]
[SourceVersion "1"]
[SourceVersionDate "2021.10.06"]
[SourceQuality "1"]

1. b3 d5 2. Bb2 Nc6 3. e3 a6 4. g3 e5 5. Bg2 g6 6. Ne2 Bg7 7. 0-0 Nge7 8. f4 0-0 9. d3 Bg4 10. Nd2 Nf5 11. Kf2 exf4 12. Bxg7 Nxe3 13. Qb1 Kxg7 14. Nxf4 Nxf1 15. Qb2+ d4 16. Kxf1 Qf6 17. Ne4 Qf5 18. h3 Bh5 19. Kg1 Qe5 20. Rf1 1/2-1/2

[Event "Chioggia op-B 10th"]
[Site "Chioggia"]
[Date "2015.10.10"]
[Round "2"]
[White "Gaudiosi, Andrea"]
[Black "Alfier, Cecilia"]
[Result "1/2-1/2"]
[WhiteElo "1707"]
[BlackElo "1622"]
[PlyCount "49"]
[EventDate "2015.10.09"]
[EventType "swiss"]
[EventRounds "5"]
[EventCountry "ITA"]
[SourceTitle "EXT 2022"]
[Source "ChessBase"]
[SourceDate "2021.10.06"]
[SourceVersion "1"]
[SourceVersionDate "2021.10.06"]
[SourceQuality "1"]

1. c4 g6 2. Nf3 Bg7 3. g3 Nf6 4. Nc3 c5 5. Bg2 0-0 6. Rb1 Nc6 7. a3 d6 8. d3 a6 9. Bg5 Bd7 10. 0-0 Qc8 11. Nd5 Qd8 12. Ne1 Rb8 13. Nc2 Nxd5 14. Bxd5 Bh3 15. Re1 Qd7 16. b4 Nd4 17. Nxd4 cxd4 18. Bg2 Bxg2 19. Kxg2 e6 20. Qb3 b5 21. Rec1 Rfc8 22. cxb5 Qxb5 23. Bd2 a5 24. Rxc8+ Rxc8 25. bxa5 1/2-1/2